Kluby piłkarskie z premier league - Nagła śmierć - Statystyki

Ogólne statystyki
  • Ten quiz został rozwiązany 70 razy
  • Średni wynik to 17 z 20
Answers on the Grid
Answers color-coded by a green-red scale on the quiz's grid according to % correct below.
Brentford
Girona
Arsenal
Chelsea
Como
Sunderland
Freiburg
Metz
Getafe
Everton
Young Boys
Wolverhampton
Nottingham Forest
Lecce
Mainz
Tottenham
Teplice
Lugano
Angers
Liverpool
Burnley
Levante
Aston Villa
Bournemouth
Udinese
Leeds
Genk
Twente
Crystal Palace
Newcastle
West Ham
Malmo
SK Brann
Manchester City
Manchester United
Rayo
Lorient
Fulham
Brighton
Cagliari
 
Statystyki odpowiedzi
Odpowiedź % Poprawnych
Brentford
100%
Arsenal
98%
Chelsea
98%
Aston Villa
91%
Everton
91%
Liverpool
91%
Tottenham
91%
Nottingham Forest
89%
Wolverhampton
89%
Sunderland
86%
Leeds
84%
Manchester City
84%
Manchester United
84%
Bournemouth
82%
Brighton
82%
Crystal Palace
82%
Newcastle
82%
West Ham
82%
Burnley
80%
Fulham
80%
Nie znaleziono quizów pasujących do podanych kryteriów
Rozkład punktacji
Procent ludzi z każdym wynikiem
Percentyl według liczby udzielonych odpowiedzi
Twoja historia wyników
Nie rozwiązałeś tego quizu